[Event "Le Roi des Fous"]
[Site "SchemingMind.com"]
[Date "2006.05.26"]
[Round "-"]
[White "C. H. O'D. Schlechter"]
[Black "doodledandy"]
[Result "0-1"]
[WhiteCountry "USA"]
[BlackCountry "CAN"]
[WhiteElo "2299"]
[WhiteRD "70"]
[BlackElo "2446"]
[BlackRD "80"]
[GameID "52597"]

1. e4 c5 2. Nf3 Nc6 3. Bb5 d6 4. O-O Bd7 5. Re1 a6 6. Bxc6 Bxc6 7. d4 cxd4 8. Nxd4 Bd7 9. Bg5 h6 10. Be3 Nf6
11. Nc3 Rc8 12. a4 Qa5 13. Nb3 Qc7 14. Qf3 e5 15. a5 Be7 16. Nd2 Be6 17. Nf1 Qd7 18. h3 O-O 19. Ng3 Rc4 20. Red1 Rb8
21. Rd3 Rbc8 22. Rad1 R8c6 23. Bb6 Qc8 24. Nge2 Nd7 25. Be3 Bf8 26. Ra1 Nc5 27. Rdd1 f5 28. exf5 Bxf5 29. Qd5+ Be6 30. Qf3 Nd7
31. Nd5 Rxc2 32. Rab1 R2c4 33. b3 Rh4 34. Ng3 e4 35. Nxe4 Bxd5 36. Rxd5 Ne5 37. Rxe5 dxe5 38. Rd1 Be7 39. Rd5 Qe6 40. Bd2 Qg6
41. Rxe5 Re6 42. Rxe6 Qxe6 43. Ng3 Rd4 44. Bc3 Rd7 45. b4 Bf6 46. Bxf6 Qxf6 47. Qg4 Qd4 48. Qe6+ Kh7 49. Qf5+ g6 50. Qe6 Qd6
51. Qe4 Re7 52. Qc4 Qe6 53. Qh4 Qe1+ 54. Kh2 Qe5
0-1

[Event "Le Roi des Fous"]
[Site "SchemingMind.com"]
[Date "2006.05.26"]
[Round "-"]
[White "Chess Tiger"]
[Black "doodledandy"]
[Result "1/2-1/2"]
[WhiteCountry "GER"]
[BlackCountry "CAN"]
[WhiteElo "2301"]
[WhiteRD "74"]
[BlackElo "2419"]
[BlackRD "76"]
[GameID "52598"]

1. e4 c5 2. Nf3 Nc6 3. d4 cxd4 4. Nxd4 Nf6 5. Nc3 d6 6. Bg5 e6 7. Qd2 a6 8. O-O-O h6 9. Be3 Be7 10. f3 Nxd4
11. Bxd4 b5 12. Kb1 Rb8 13. e5 dxe5 14. Bxe5 Qxd2 15. Rxd2 Rb7 16. Bd3 O-O 17. Rhd1 Rd7 18. a4 bxa4 19. Nxa4 Nd5 20. g3 Ne3
21. Nb6 Nxd1 22. Nxd7 Bxd7 23. Bxa6 Bc6 24. Rxd1 Bxf3 25. Rd7 Bc5 26. b3 Bg1 27. h4 f6 28. Bd6 Re8 29. b4 e5 30. Bc4+ Kh7
31. Bf7 Rc8 32. Be6 Ra8 33. Bf5+ Kh8 34. c4 Bd4 35. Bc5 Bxc5 36. bxc5 g6 37. Bxg6 Rc8 38. Kc2 Rxc5 39. Kc3 Rc6 40. Kb4 Rb6+
41. Kc5 Rc6+ 42. Kb5 Re6 43. Rd3 e4 44. Re3 Kg7 45. h5 Re5+ 46. c5 Kf8 47. Kb6 Ke7 48. c6 Kd6 49. Rc3 Bg4 50. Rc4=
1/2-1/2

[Event "Le Roi des Fous"]
[Site "SchemingMind.com"]
[Date "2006.05.26"]
[Round "-"]
[White "Erhaem"]
[Black "doodledandy"]
[Result "0-1"]
[WhiteCountry "NED"]
[BlackCountry "CAN"]
[WhiteElo "2061"]
[WhiteRD "62"]
[BlackElo "2419"]
[BlackRD "76"]
[GameID "52599"]

1. d4 Nf6 2. Nf3 g6 3. Bg5 Bg7 4. Nbd2 d5 5. e3 O-O 6. Bd3 c5 7. c3 Qb6 8. Rb1 c4 9. Bc2 h6 10. Bf4 Nc6
11. O-O Qa5 12. a4 Nh5 13. Qe2 Nxf4 14. exf4 Bd7 15. Qe3 Qc7 16. Ne5 Nxe5 17. fxe5 Bc6 18. e6 f5 19. Qf3 Rf6 20. Rfe1 Rd8
21. Re2 Rd6 22. Rbe1 Qc8 23. Qe3 Rdxe6 24. Qxe6+ Rxe6 25. Rxe6 Bf6 26. R6e2 Kg7 27. Nf3 Be8 28. Ne5 g5 29. g3 h5 30. Kg2 e6
31. h3 a6 32. f4 gxf4 33. gxf4 Qc7 34. Rg1 Qb6 35. Kh2+ Kf8 36. Rb1 h4 37. Kg1 Qc7 38. Rg2 Qa5 39. Nf3 b5 40. axb5 axb5
41. Re2 Bf7 42. b4 Qa3 43. Re3 Qa2 44. Re2 Bg7 45. Kf1 Qa3 46. Re3 Bh6 47. Ng5 Bxg5 48. fxg5 f4 49. Rf3 Bh5 50. Rxf4+ Kg7
51. Rxh4 Qxc3 52. Rxh5 Qxc2 53. Re1 c3 54. Rh6 Qd3+
0-1

[Event "Le Roi des Fous"]
[Site "SchemingMind.com"]
[Date "2006.05.26"]
[Round "-"]
[White "chesshub"]
[Black "doodledandy"]
[Result "1-0"]
[WhiteCountry "FRA"]
[BlackCountry "CAN"]
[WhiteElo "2337"]
[WhiteRD "84"]
[BlackElo "2416"]
[BlackRD "74"]
[GameID "52600"]

1. e4 c5 2. Nf3 e6 3. Nc3 a6 4. d4 cxd4 5. Nxd4 b5 6. Bd3 Bb7 7. O-O Qc7 8. Re1 Bd6 9. Nf3 Nc6 10. Bxb5 Ne5
11. Nd4 Nf6 12. Bf4 Neg4 13. Nxe6 fxe6 14. Qxd6 Qxd6 15. Bxd6 axb5 16. Nxb5 Kf7 17. f3 Nh6 18. a4 Kg6 19. e5 Nd5 20. c4 Nf4
21. Nc7 Rac8 22. b4 Rxc7 23. Bxc7 Rc8 24. Bb6 Rxc4 25. b5 Rc2 26. Bf2 Bxf3 27. gxf3 Nh3+ 28. Kg2 Nxf2 29. Kf1 Nd3 30. Re2 Rc5
31. b6 Rc3 32. a5 Nb4 33. b7
1-0

[Event "Le Roi des Fous"]
[Site "SchemingMind.com"]
[Date "2006.05.26"]
[Round "-"]
[White "Space"]
[Black "dmichael"]
[Result "0-1"]
[WhiteCountry "SWE"]
[BlackCountry "USA"]
[WhiteElo "2239"]
[WhiteRD "70"]
[BlackElo "2308"]
[BlackRD "77"]
[GameID "52618"]

1. d4 e6 2. c4 c5 3. d5 Nf6 4. Nc3 exd5 5. cxd5 d6 6. e4 g6 7. Nf3 a6 8. Qe2 Bg7 9. e5 dxe5 10. Qxe5+ Kf8
11. Bf4 Nbd7 12. Qe3 Kg8 13. O-O-O b5 14. Ng5 Qf8 15. Be2 Bb7 16. Qf3 b4 17. Nce4 h6 18. Nxf6+ Nxf6 19. Ne4 Qe7 20. Nxf6+ Qxf6
21. Rd2 c4 22. Rhd1 c3 23. Rc2 cxb2+ 24. Kb1 Re8 25. Be3 Qe5 26. h4 h5 27. Rc4 a5 28. Rc5 Qd6 29. Bb5 Rc8 30. Bc6= Kh7
31. g4 hxg4 32. Qxg4 Rhd8 33. Bxb7 Rxc5 34. Bxc5 Qxc5 35. h5 gxh5 36. Qxh5+ Kg8 37. Rg1 Qd4 38. Qf3 a4
0-1

[Event "Le Roi des Fous"]
[Site "SchemingMind.com"]
[Date "2006.05.26"]
[Round "-"]
[White "Space"]
[Black "C. H. O'D. Schlechter"]
[Result "1/2-1/2"]
[WhiteCountry "SWE"]
[BlackCountry "USA"]
[WhiteElo "2218"]
[WhiteRD "73"]
[BlackElo "2310"]
[BlackRD "68"]
[GameID "52619"]

1. d4 d5 2. c4 e6 3. Nc3 c6 4. e4 dxe4 5. Nxe4 Bb4+ 6. Bd2 Qxd4 7. Bxb4 Qxe4+ 8. Be2 Na6 9. Bd6 b6 10. Nf3 Bb7
11. O-O Rd8 12. Ne5 Ne7 13. Bg4 Nf5 14. Re1 Qd4 15. Ba3 Qxd1 16. Raxd1 Nd4 17. b4 c5 18. bxc5 bxc5 19. Rd2 O-O 20. Red1 f5
21. Bf3 Bxf3 22. gxf3 Rd6 23. Kg2 Rfd8 24. f4=
1/2-1/2

[Event "Le Roi des Fous"]
[Site "SchemingMind.com"]
[Date "2006.05.26"]
[Round "-"]
[White "Space"]
[Black "Chess Tiger"]
[Result "1/2-1/2"]
[WhiteCountry "SWE"]
[BlackCountry "GER"]
[WhiteElo "2218"]
[WhiteRD "73"]
[BlackElo "2300"]
[BlackRD "69"]
[GameID "52620"]

1. d4 d5 2. c4 e6 3. Nc3 Nf6 4. Bg5 Be7 5. e3 O-O 6. Nf3 h6 7. Bh4 Ne4 8. Bxe7 Qxe7 9. Rc1 c6 10. Bd3 Nxc3
11. Rxc3 dxc4 12. Bxc4 Nd7 13. O-O b6 14. Bd3 c5 15. Be4 Rb8 16. Qa4 Nf6 17. Bc6 cxd4 18. exd4 a6 19. Ne5 Bb7 20. Rfc1 Nd5
21. Bxd5 Bxd5 22. Qxa6 Ra8 23. Qxb6=
1/2-1/2

[Event "Le Roi des Fous"]
[Site "SchemingMind.com"]
[Date "2006.05.26"]
[Round "-"]
[White "Space"]
[Black "Erhaem"]
[Result "1-0"]
[WhiteCountry "SWE"]
[BlackCountry "NED"]
[WhiteElo "2193"]
[WhiteRD "75"]
[BlackElo "2083"]
[BlackRD "67"]
[GameID "52621"]

1. d4 Nc6 2. c4 e5 3. d5 Nce7 4. e4 Ng6 5. Nf3 Bb4+ 6. Nbd2 Nf6 7. Qc2 O-O 8. a3 Bxd2+ 9. Bxd2 d6 10. g3 Qe7
11. Bg2 Bg4 12. h3 Bd7 13. O-O Rad8 14. Be3 b6 15. b4 Rb8 16. c5 Bb5 17. Rfc1 Rfd8 18. c6 Ba6 19. a4 Bc8 20. a5 bxa5
21. bxa5 a6 22. Rcb1 Ra8 23. Ra4 h6 24. Rab4 Rf8 25. Rb8 Rxb8 26. Rxb8 Kh7 27. Nd2 Kg8 28. Ra8 h5 29. Nc4 Re8 30. Nb6 Qf8
31. Ra7 cxb6 32. axb6 h4 33. Qb3 Nh5 34. Kh2 a5 35. b7
1-0

[Event "Le Roi des Fous"]
[Site "SchemingMind.com"]
[Date "2006.05.26"]
[Round "-"]
[White "Space"]
[Black "doodledandy"]
[Result "0-1"]
[WhiteCountry "SWE"]
[BlackCountry "CAN"]
[WhiteElo "2207"]
[WhiteRD "76"]
[BlackElo "2466"]
[BlackRD "83"]
[GameID "52622"]

1. d4 Nf6 2. c4 e6 3. Nf3 d5 4. Nc3 Be7 5. Bg5 h6 6. Bh4 O-O 7. e3 b6 8. cxd5 Nxd5 9. Bxe7 Qxe7 10. Nxd5 exd5
11. Rc1 Be6 12. Qa4 c5 13. Qa3 Rc8 14. Be2 a5 15. O-O Na6 16. Bxa6 Rxa6 17. Rc3 Qa7 18. dxc5 bxc5 19. Rfc1 c4 20. Nd4 a4
21. R3c2 Qb7 22. Rd2 Rb8 23. f3 Rb6 24. Rcc2 Bd7 25. Re2 Re8 26. Rcd2 h5 27. Rc2 h4 28. Re1 h3 29. g3 Rd8 30. Ree2 Rf6
31. Rcd2 Re8 32. Re1 Rb8 33. Ree2 Rc8 34. Rc2 Bf5 35. Nxf5 Rxf5 36. f4 Rf6 37. Rcd2 Qc6 38. Qc3 Rb8 39. Rd4 Re6 40. Kf2 f5
41. Qa5 a3 42. Qxa3 Ra8 43. Qb4 Rxa2 44. Qe1 Qa8 45. Qf1 Rh6 46. Qb1 Rf6 47. Qf1 Qb7 48. Rdd2 Rh6 49. Kg1 Ra5 50. Qb1 Qd7
51. Kf2 Rb5 52. Qh1 Qe6 53. Rd4 Qf7 54. Qf1 Qb7 55. Qb1 Rf6 56. Qc2 g6 57. Qc3 Rb3 58. Qa5 Rd6 59. g4 fxg4 60. Kg3 Qd7
0-1

[Event "Le Roi des Fous"]
[Site "SchemingMind.com"]
[Date "2006.05.26"]
[Round "-"]
[White "Space"]
[Black "chesshub"]
[Result "1/2-1/2"]
[WhiteCountry "SWE"]
[BlackCountry "FRA"]
[WhiteElo "2239"]
[WhiteRD "70"]
[BlackElo "2309"]
[BlackRD "77"]
[GameID "52623"]

1. d4 Nf6 2. c4 e6 3. Nf3 b6 4. g3 Ba6 5. b3 Bb4+ 6. Bd2 Be7 7. Bg2 O-O 8. O-O d5 9. Ne5 c6 10. Bc3 Nbd7
11. Nxd7 Nxd7 12. Nd2 Rc8 13. e4 b5 14. Re1 dxe4 15. Bxe4 Nf6 16. Bg2 Qc7 17. Qc2 Rfd8 18. Rad1 Bb7 19. Nf1 Rd7 20. Ne3 Rcd8
21. f4 g6 22. Qf2 h5 23. Bf3 Ne8 24. Rd3 Nf6 25. Qd2 b4 26. Bb2 Qb6 27. f5 exf5 28. Nxf5 Bf8 29. Nh4 Re8 30. Rxe8=
1/2-1/2

[Event "Le Roi des Fous"]
[Site "SchemingMind.com"]
[Date "2006.05.27"]
[Round "-"]
[White "dmichael"]
[Black "Space"]
[Result "1-0"]
[WhiteCountry "USA"]
[BlackCountry "SWE"]
[WhiteElo "2302"]
[WhiteRD "78"]
[BlackElo "2207"]
[BlackRD "76"]
[GameID "52624"]

1. d4 Nf6 2. c4 e6 3. g3 d5 4. Nf3 Be7 5. Bg2 O-O 6. O-O dxc4 7. Qc2 a6 8. a4 Bd7 9. Qxc4 Bc6 10. Bg5 a5
11. Nc3 Na6 12. Rac1 Bd5 13. Nxd5 exd5 14. Qb5 Nb4 15. Bf4 Ne8 16. Ne5 Nd6 17. Qd7 c6 18. Bh3 g5 19. Bd2 Kg7 20. b3 f6
21. Qxd8 Rfxd8 22. Bxb4 axb4 23. Nd3 Ne4 24. Rc2 Nc3= 25. e3 Bd6 26. Bf5 h5 27. Nc1 Re8 28. Ne2 Nxe2+ 29. Rxe2 Re7 30. Kg2 Bc7
31. h4 Rae8 32. Rh1 g4 33. Ra1 Ba5= 34. Kf1 Kf7 35. Ke1 Ra8 36. Kd2 Rd8 37. Kd3 Rg8 38. e4 dxe4+ 39. Rxe4 Rxe4 40. Bxe4 Rd8
41. Kc4 Re8 42. Bd3 Rd8 43. Rd1 Kg7 44. Bf5 Kf7 45. Be4 Re8 46. Bd3 Rd8 47. Rd2
1-0

[Event "Le Roi des Fous"]
[Site "SchemingMind.com"]
[Date "2006.05.26"]
[Round "-"]
[White "C. H. O'D. Schlechter"]
[Black "Space"]
[Result "1-0"]
[WhiteCountry "USA"]
[BlackCountry "SWE"]
[WhiteElo "2278"]
[WhiteRD "74"]
[BlackElo "2159"]
[BlackRD "83"]
[GameID "52625"]

1. e4 c5 2. Nf3 d6 3. Bb5+ Nd7 4. d4 Nf6 5. Nc3 a6 6. Bxd7+ Nxd7 7. O-O e6 8. dxc5 Nxc5 9. Bf4 Qc7 10. Qd2 b5
11. b4 Nd7 12. Rfd1 Rb8 13. e5 d5 14. Nxd5 Qc4 15. Qe3 Qc6 16. Rd3 Ra8 17. Qe1
1-0

[Event "Le Roi des Fous"]
[Site "SchemingMind.com"]
[Date "2006.05.26"]
[Round "-"]
[White "Chess Tiger"]
[Black "Space"]
[Result "1-0"]
[WhiteCountry "GER"]
[BlackCountry "SWE"]
[WhiteElo "2359"]
[WhiteRD "68"]
[BlackElo "2239"]
[BlackRD "70"]
[GameID "52626"]

1. e4 c5 2. Nf3 d6 3. d4 cxd4 4. Nxd4 Nf6 5. Nc3 a6 6. Be3 e5 7. Nb3 Be6 8. f3 h5 9. Nd5 Nxd5 10. exd5 Bf5
11. Bd3 Bxd3 12. Qxd3 Nd7 13. O-O-O Qc7 14. Kb1 Rc8 15. f4 Be7 16. c3 b5 17. Rhe1 Bf6 18. h3 h4 19. fxe5 Nxe5 20. Bd4 O-O
21. Qf5 Qd8 22. Nd2 g6 23. Qf2 Bg7 24. Re2 Nd3 25. Qe3 Bxd4 26. Qxd4 Ne5 27. Rde1 a5 28. Ne4 f6 29. Qd2 Rc7 30. Rf1 Kg7
31. Qf4 g5 32. Qe3 Rb7= 33. Ref2 Rbf7 34. g3 hxg3 35. Qxg3
1-0

[Event "Le Roi des Fous"]
[Site "SchemingMind.com"]
[Date "2006.05.26"]
[Round "-"]
[White "Erhaem"]
[Black "Space"]
[Result "0-1"]
[WhiteCountry "NED"]
[BlackCountry "SWE"]
[WhiteElo "2072"]
[WhiteRD "63"]
[BlackElo "2218"]
[BlackRD "73"]
[GameID "52627"]

1. d4 Nf6 2. Nf3 e6 3. Bg5 h6 4. Bxf6 Qxf6 5. e4 d6 6. Nc3 g6 7. Qd2 Bg7 8. O-O-O a6 9. e5 Qe7 10. Qf4 d5
11. Na4 Nd7 12. Nc3 b5 13. h4 c5 14. Ne2 Bb7 15. g4 O-O 16. g5 h5 17. Kb1 Rfc8 18. Bg2 b4 19. Rd3 a5 20. Rc1 a4
21. dxc5 b3 22. axb3 Nxc5 23. Rc3 axb3 24. cxb3 Ba6 25. Qe3 Bxe2 26. Qxe2 Qa7 27. Nd4 Qa2+ 28. Kc2 Nxb3 29. Nxb3 Rxc3+ 30. Kxc3 Rc8+
0-1

[Event "Le Roi des Fous"]
[Site "SchemingMind.com"]
[Date "2006.05.27"]
[Round "-"]
[White "doodledandy"]
[Black "Space"]
[Result "1/2-1/2"]
[WhiteCountry "CAN"]
[BlackCountry "SWE"]
[WhiteElo "2446"]
[WhiteRD "80"]
[BlackElo "2253"]
[BlackRD "75"]
[GameID "52628"]

1. d4 Nf6 2. c4 e6 3. Nf3 b6 4. g3 Bb7 5. Bg2 Be7 6. O-O O-O 7. Nc3 Ne4 8. Qc2 Nxc3 9. Qxc3 c5 10. Rd1 d6
11. b3 Bf6 12. Bb2 Qc7 13. Qd2 Rd8 14. dxc5 dxc5 15. Qf4 Na6 16. Qxc7 Nxc7 17. Ne5 Bxg2 18. Kxg2 Bxe5 19. Bxe5 Ne8 20. e4 f6
21. Bb2 Kf7 22. e5 Ke7 23. Kf3 Nc7 24. Bc3 Rac8 25. a3 Na6 26. exf6+ gxf6 27. Ke3 Nb8 28. Rxd8 Rxd8 29. b4 Nc6 30. bxc5 bxc5
31. Rb1 e5 32. f4 exf4+ 33. Kxf4 Rd3 34. Rc1 Ke6 35. Ke4 Rd8 36. Re1 h5 37. Rf1 Nd4 38. Rf2 f5+ 39. Ke3 Rb8 40. Rb2 Rxb2
41. Bxb2 Nc6 42. Kd3 Ne5+ 43. Bxe5 Kxe5 44. Ke3 a6 45. a4 a5 46. h3 Kf6 47. Kf4=
1/2-1/2

[Event "Le Roi des Fous"]
[Site "SchemingMind.com"]
[Date "2006.05.26"]
[Round "-"]
[White "chesshub"]
[Black "Space"]
[Result "1/2-1/2"]
[WhiteCountry "FRA"]
[BlackCountry "SWE"]
[WhiteElo "2309"]
[WhiteRD "77"]
[BlackElo "2239"]
[BlackRD "70"]
[GameID "52629"]

1. e4 c5 2. Nf3 d6 3. d4 cxd4 4. Nxd4 Nf6 5. Nc3 a6 6. Be3 e5 7. Nb3 Be6 8. Be2 Be7 9. Nd5 Nxd5 10. exd5 Bf5
11. Qd2 O-O 12. O-O a5 13. f4 exf4 14. Rxf4 Bg6 15. Ra4 b6 16. Bb5 Bf6 17. Re1 Nd7 18. Nd4 Nc5 19. Rc4 Ne4 20. Qe2 Bxd4
21. Bxd4 f5 22. Rf1 Rb8 23. Qe3 Be8 24. a4 Bxb5 25. axb5 Nc5 26. Qg3 Qd7 27. b4 axb4 28. Rxb4 Rbe8=
1/2-1/2